000 00814cab a2200265 4500
001 ABS58064
008 090401t1997 xxu||||| |||| 00| 0 eng d
035 _a(Sirsi) u82752
041 _aeng
100 _aSeddon, C.
245 _aWarranty card
260 _c1997
350 _a0
490 _aNew Civil Engineer
_v(1246) 11/25 December 1997, 24-25(2)
520 _aLooks at contractors` potential liability on past, present and future contracts due to effects of the `year 2000 problem`.
650 _aCOMPUTER SYSTEMS
650 _aBUILT ENVIRONMENT-BUILDING CONTRACT FORMS
650 _aLIABILITY INSURANCE
650 _aLIABILITY
650 _aRISK MANAGEMENT
650 _aYEAR 2000
690 _aMANAGEMENT-BUSINESS MANAGEMENT-INFORMATION MANAGEMENT
942 _n0
948 _c17/12/1997
999 _c52263
_d52263